Tres poetas argentinos (Record no. 22418)

MARC details
000 -LEADER
campo de control de longitud fija 00962nam a2200241 i 4500
001 - NÚMERO DE CONTROL
campo de control 22418
003 - IDENTIFICADOR DE NÚMERO DE CONTROL
campo de control ES-MaACL
005 - FECHA Y HORA DE LA ÚLTIMA TRANSACCIÓN
campo de control 20250811160743.0
007 - CAMPO FIJO DE DESCRIPCIÓN FÍSICA--INFORMACIÓN GENERAL
campo de control de longitud fija t|
008 - DATOS DE LONGITUD FIJA--INFORMACIÓN GENERAL
campo de control de longitud fija 021202s1951 sp ||||1| spa d
080 ## - NÚMERO DE LA CLASIFICACIÓN DECIMAL UNIVERSAL
Número de la Clasificación Decimal Universal 821.134.2(82) Marechal, Leopoldo 1.06
080 ## - NÚMERO DE LA CLASIFICACIÓN DECIMAL UNIVERSAL
Número de la Clasificación Decimal Universal 821.134.2(82) Molinari, Ricardo 1.06
080 ## - NÚMERO DE LA CLASIFICACIÓN DECIMAL UNIVERSAL
Número de la Clasificación Decimal Universal 821.134.2(82) Bernárdez, Francisco Luis 1.06
100 0# - ENTRADA PRINCIPAL--NOMBRE DE PERSONA
Nombre de persona Alonso Gamo, José María,
Fechas asociadas al nombre 1913-1993
9 (RLIN) 20317
245 10 - MENCIÓN DEL TÍTULO
Título Tres poetas argentinos
Resto del título : Marechal, Molinari, Bernárdez /
Mención de responsabilidad, etc. José María Alonso Gamo.
260 ## - PUBLICACIÓN, DISTRIBUCIÓN, ETC.
Lugar de publicación, distribución, etc. Madrid :
Nombre del editor, distribuidor, etc. [Cultura Hispánica],
Fecha de publicación, distribución, etc. 1951 (
Fabricante Silverio Aguirre Torre)
300 ## - DESCRIPCIÓN FÍSICA
Extensión 174 p. ;
Dimensiones 21 cm.
600 17 - PUNTO DE ACCESO ADICIONAL DE MATERIA--NOMBRE DE PERSONA
Nombre de persona Marechal, Leopoldo,
Fechas asociadas al nombre 1900-1970-
Subdivisión general Crítica e interpretación
Fuente del encabezamiento o término
9 (RLIN) 147252
600 14 - PUNTO DE ACCESO ADICIONAL DE MATERIA--NOMBRE DE PERSONA
Nombre de persona Molinari, Ricardo E-
Subdivisión general Crítica e interpretación.
9 (RLIN) 147250
600 14 - PUNTO DE ACCESO ADICIONAL DE MATERIA--NOMBRE DE PERSONA
Nombre de persona Bernárdez, Francisco Luis-
Subdivisión general Crítica e interpretación.
9 (RLIN) 147251
852 ## - LOCALIZACIÓN
Ubicación ES-MaACL
Número de control de estantería D-8221
Holdings
Estatus retirado Estado de pérdida Estado de daño No para préstamo Biblioteca de origen Biblioteca actual Ubicación en estantería Fecha de adquisición Fuente de adquisición Total de préstamos Signatura topográfica completa Código de barras Visto por última vez Precio de reemplazo Tipo de ítem Koha
        Biblioteca del Ateneo de Madrid Biblioteca del Ateneo de Madrid Sala Valle Inclán 17/01/2008     D-8221 901023078 23/02/2023 23/02/2023 Libro impreso